| 000 | 00847pam a2200313 a 4500 | ||
|---|---|---|---|
| 999 |
_c1943 _d1943 |
||
| 001 | 013052791 | ||
| 003 | Uk | ||
| 005 | 20230220134110.0 | ||
| 008 | 041110s2005 enk j 000 1 eng | ||
| 015 |
_aGBA485929 _2bnb |
||
| 016 | 7 |
_a013052791 _2Uk |
|
| 020 | _a9780746061183 | ||
| 040 |
_aStDuBDS _beng _cStDuBDS _dUk _dKH8 |
||
| 042 | _aukblsr | ||
| 082 | 0 | 4 |
_a823.92 JEF _222 |
| 100 | 1 |
_aJefferies, Cindy. _eauthor |
|
| 245 | 1 | 0 |
_aRising star / _cCindy Jefferies. |
| 260 |
_aLondon : _bUsborne, _c2005. |
||
| 300 |
_a117 p. ; _c20 cm. |
||
| 336 |
_atext _2rdacontent |
||
| 337 |
_aunmediated _2rdamedia |
||
| 338 |
_avolume _2rdacarrier |
||
| 490 | 1 |
_aFame school ; _vbk. 2 |
|
| 500 |
_aFormerly CIP. _5Uk |
||
| 650 | 0 |
_aSingers _vJuvenile fiction. |
|
| 655 | 0 | _aChildren's stories. | |
| 830 | 0 |
_aFame school ; _vbk. 2 |
|
| 942 |
_2ddc _cNFIC |
||